| 000 | 00497nam a2200193 a 4500 | ||
|---|---|---|---|
| 005 | 20140310183200.0 | ||
| 008 | 021204s19uu xx 00 eng d | ||
| 020 | _a0-88730-837-6 | ||
| 050 |
_aHM 141 _b.D74 1997 |
||
| 100 | _aDreher, Diane | ||
| 245 |
_aThe Tao of personal leadership / _cDiane Dreher. |
||
| 260 |
_aNew York : _bHarperCollins, _c1997. |
||
| 300 |
_a288p. : _c21 cm. |
||
| 521 | _aBSBA | ||
| 650 | _aLeadership | ||
| 650 | _aTao | ||
| 942 |
_cBK _2lcc _kFOR |
||
| 999 |
_c19852 _d19852 |
||